Uber ide!

Rob Khazzam, generálny manažér Uber Central Europe, rozpráva o prevratných inováciách, ktoré menia dopravu, o spôsobe, akým na ne reagujú inteligentní politici, o predpisoch, ktoré zamrzli v 20. storočí a o budúcnosti cestovania.

Gespeichert in:
Bibliographische Detailangaben
1. Verfasser: Porubský, Juraj
Weitere Verfasser: Matijek, Peter, Khazzam, Rob
Format: Buchkapitel
Sprache:Slowakisch
Schlagworte:
Tags: Tag hinzufügen
Keine Tags, Fügen Sie das erste Tag hinzu!

MARC

LEADER 00000naa a2200000 4500
001 0219524
005 20231013091837.0
041 0 |a slo 
044 |a SK 
245 1 0 |a Uber ide!  |c Juraj Porubský, Peter Matijek, Rob Khazzam 
520 |a Rob Khazzam, generálny manažér Uber Central Europe, rozpráva o prevratných inováciách, ktoré menia dopravu, o spôsobe, akým na ne reagujú inteligentní politici, o predpisoch, ktoré zamrzli v 20. storočí a o budúcnosti cestovania. 
610 2 0 |a doprava cestná 
610 2 0 |a technológie informačné 
610 2 0 |a technológie komunikačné 
610 2 0 |a trh 
610 2 0 |a služby dopravné 
610 2 0 |a ceny 
610 2 0 |a konkurencia 
100 1 |a Porubský, Juraj 
700 1 |a Matijek, Peter 
700 1 |a Khazzam, Rob